|
|
|
|
| LEADER |
00000nas a2200000 a 4500 |
| 001 |
ssj0041195 |
| 003 |
WaSeSS |
| 005 |
20200512172242.0 |
| 006 |
m d |
| 007 |
cr n |
| 008 |
970714c19969999au x pss 0 0eng c |
| 010 |
|
|
|a 2004209833
|
| 022 |
|
|
|a 1027-5193
|l 1027-5193
|
| 035 |
|
|
|a (WaSeSS)ssj0041195
|
| 040 |
|
|
|a CUS
|b eng
|c CUS
|d OCL
|d CUS
|d OCL
|d OCLCQ
|d DLC
|d CUS
|d OCLCQ
|d DOS
|d OCLCQ
|d OCLCF
|d OCLCO
|d OCL
|d OCLCO
|d OCLCQ
|d NTG
|d WaSeSS
|
| 041 |
0 |
|
|a eng
|a ger
|
| 042 |
|
|
|a pcc
|
| 043 |
|
|
|a e------
|
| 050 |
0 |
0 |
|a JN15
|
| 245 |
0 |
0 |
|a EIoP
|h [electronic resource] :
|b European integration online papers.
|
| 246 |
3 |
0 |
|a European integration online papers
|
| 260 |
|
|
|a Vienna :
|b ECSA-Austria,
|c 1996-
|
| 310 |
|
|
|a Irregular
|
| 362 |
0 |
|
|a Vol. 0, no. 1, (1996)-
|
| 500 |
|
|
|a Includes abstracts and full-text.
|
| 500 |
|
|
|a Title from title bar (publisher's Web site, viewed June 21, 2004).
|
| 506 |
|
|
|a License restrictions may limit access.
|
| 515 |
|
|
|a The current issue consists of the most recent articles; older articles are stored in the searchable EIoP archive.
|
| 515 |
|
|
|a Issues for v. 0, no. 1 (1996)- also called 5.11.1996-
|
| 538 |
|
|
|a Mode of access: World Wide Web.
|
| 546 |
|
|
|a English or German.
|
| 588 |
|
|
|a Latest issue consulted: Vol. 13, no. 1 (2009) (publisher's Web site, viewed May 11, 2009).
|
| 648 |
|
7 |
|a Since 1989
|2 fast
|
| 650 |
|
0 |
|a European federation
|v Periodicals.
|
| 650 |
|
7 |
|a European federation.
|2 fast
|0 (OCoLC)fst00916717
|
| 650 |
|
7 |
|a International economic integration.
|2 fast
|0 (OCoLC)fst00976879
|
| 650 |
|
7 |
|a Politics and government
|2 fast
|0 (OCoLC)fst01919741
|
| 651 |
|
0 |
|a Europe
|x Politics and government
|y 1989-
|v Periodicals.
|
| 651 |
|
0 |
|a Europe
|x Economic integration
|v Periodicals.
|
| 651 |
|
7 |
|a Europe.
|2 fast
|0 (OCoLC)fst01245064
|
| 655 |
|
0 |
|a Electronic journals.
|
| 710 |
2 |
|
|a European Community Studies Association-Austria.
|
| 850 |
|
|
|a DLC
|
| 856 |
4 |
0 |
|z Full text available from Research Library: 01/01/2006 to 01/31/2015
|u https://search.proquest.com/publication/60381
|